Instituto Vocacionales
La finalidad del estudio es proporcionar al individuo, el agregado que todos los procesos por medio de los cuales una persona desarrolla habilidades, aptitudes y otras formas de comportamiento, haciendo un análisis valorativo del funcionamiento del instituto vacacional.
| Main Author: | |
|---|---|
| Other Authors: | |
| Format: | Tesis Section = Libro |
| Language: | Undetermined Spanish |
| Published: |
Guatemala
USAC-G
1969
|
| Subjects: |
| LEADER | 00927nam a2200229Ia 4500 | ||
|---|---|---|---|
| 008 | 240830s9999 xx 000 0 und d | ||
| 040 | |a BIBLIOTECA-RUSB/ Mon 721.47281 G158 | ||
| 041 | |a spa | ||
| 082 | |a Mon 721.47281 G158 | ||
| 100 | 1 | |a Galindo Medrano, Rafael A. | |
| 245 | 1 | 0 | |a Instituto Vocacionales |
| 260 | |a Guatemala |b USAC-G |c 1969 | ||
| 300 | |a 390 p. :il. | ||
| 502 | |a Tesis (Arquitecto) - USAC-G, 1969. | ||
| 520 | 3 | |a La finalidad del estudio es proporcionar al individuo, el agregado que todos los procesos por medio de los cuales una persona desarrolla habilidades, aptitudes y otras formas de comportamiento, haciendo un análisis valorativo del funcionamiento del instituto vacacional. | |
| 650 | 7 | |a ESCUELAS TECNICAS | |
| 650 | 7 | |b ENSEÑANZA VOCACIONAL (GUATEMALA) | |
| 650 | 7 | |c CONSTRUCCIONES ESCOLARES (GUATEMALA) | |
| 700 | 1 | |a Tutor: |b Quan María, Hugo | |
| 942 | |c BK |2 ddc | ||
| 991 | |a TESIS | ||
| 999 | |c 21195 | ||